EPIC: The Musical - Lyrics Sort #25 - Thunder Bringer - Statistics

General Stats
  • This quiz has been taken 68 times
  • The average score is 31 of 48
Answer Stats
Hint Answer % Correct
Line 2 Hiding away where only I can undress her
100%
Line 1 Pride is a damsel in distress
100%
Line 4 In the end, it's all the same once I apply all the pressure
97%
Line 3 Try all she not to confess
91%
Line 5 Thunder, bring her through the wringer [1]
88%
Line 6 Show her I'm the judgement call [1]
85%
Line 7 The one who makes her kingdom fall [1]
85%
Line 8 Lightning, wield her, use and yield her [1]
82%
Line 9 Show her what she can't conceal [1]
82%
Line 10 For true nature will be revealed [1]
79%
Line 16 Since hunger was far too great
74%
Line 17 I wonder who'd take the weight of the damned
71%
Line 15 Enlighten me, King of Ithaca
68%
Line 11 Tell me, Odysseus
68%
Line 13 The lives of your men and crew or your own
68%
Line 14 Why do I think they'd lose
68%
Line 18 And suffer a gruesome fate to the
65%
Line 20 Ears until you're deaf of fear
62%
Line 12 If I were to make him choose
62%
Line 24 Sublime you for your act of crime
62%
Line 23 Time, for you have passed your prime
62%
Line 21 And spear you while your death is near
59%
Line 28 And you have got the final say
59%
Line 25 Choose[1]
59%
Line 26 (Choose?) [2]
59%
Line 32 Don't make me do this
59%
Line 30 Or your crew?
59%
Line 31 Please don't make me do this
59%
Line 27 Someone's gotta die today
59%
Line 29 You?
59%
Line 22 Lightning wielder, here to yield your
56%
Line 41 But we'll die
53%
Line 48 For true nature will be revealed [2]
53%
Line 40 (I have to see her)
53%
Line 42 (I know)
53%
Line 46 Lightning, wield her, use and yield her [2]
53%
Line 44 Show her I'm the judgement call [2]
53%
Line 47 Show her what she can't conceal [2]
53%
Line 45 The one who makes her kingdom fall [2]
53%
Line 19 Thunder bringer, here to ring your
53%
Line 43 Thunder, bring her through the wringer [2]
53%
Line 34 When does a candle become a blaze? (I can take the suffering from you)
53%
Line 38 When does a man become a monster? [2]
53%
Line 36 When does a ripple become a tidal wave?
53%
Line 37 When does the reason become the blame? (Let me take the suffering from)
53%
Line 39 Captain?
50%
Line 33 When does a comet become a meteor?
50%
Line 35 When does a man become a monster? [1]
50%
No matching quizzes found
Score Distribution
Percent of People with Each Score
Percentile by Number Answered
Your Score History
You have not taken this quiz